Fuera yankis de Uruguay ou l'inscription des cultures politiques sur les murs de la ville /
Wedi'i Gadw mewn:
| Prif Awdur: | |
|---|---|
| Fformat: | Texto |
| Pynciau: | |
| Tagiau: |
Ychwanegu Tag
Dim Tagiau, Byddwch y cyntaf i dagio'r cofnod hwn!
|
MARC
| LEADER | 00000 a a2200000 04500 | ||
|---|---|---|---|
| 001 | 9022 | ||
| 003 | |||
| 040 | |||
| 100 | |a Epstein, Ariela | ||
| 245 | |a Fuera yankis de Uruguay ou l'inscription des cultures politiques sur les murs de la ville / |c Ariela Epstein | ||
| 650 | |a ESPACIO PUBLICO | ||
| 650 | |a IDEOLOGIAS | ||
| 650 | |a CREATIVIDAD | ||
| 650 | |a OPOSICION POLITICA | ||
| 650 | |a DISCURSOS | ||
| 650 | |a URUGUAY | ||
| 773 | |g número 205; páginas 135-151 | ||
| 999 | |c 26604 |d 26604 | ||
